The Intel Micro Processors: 8086/8088,80286,80386,80486,Pentium, Pentium Pro Processor, PentiumII, Pentium III & Pentium 4, Architechture, Progminginfacing (Record no. 85)

MARC details
000 -LEADER
fixed length control field 00507nam a22001577a 4500
005 - DATE AND TIME OF LATEST TRANSACTION
control field 20180202114217.0
008 - FIXED-LENGTH DATA ELEMENTS--GENERAL INFORMATION
fixed length control field 160427b xxu||||| |||| 00| 0 eng d
020 ## - INTERNATIONAL STANDARD BOOK NUMBER
ISBN 81-203-2158-8
041 ## - LANGUAGE CODE
Language code of text/sound track or separate title eng
082 ## - DEWEY DECIMAL CLASSIFICATION NUMBER
Item number 00252
Classification number 004.165
100 ## - MAIN ENTRY--AUTHOR NAME
Personal name Brey. Barary B.
245 ## - TITLE STATEMENT
Title The Intel Micro Processors: 8086/8088,80286,80386,80486,Pentium, Pentium Pro Processor, PentiumII, Pentium III & Pentium 4, Architechture, Progminginfacing
260 ## - PUBLICATION, DISTRIBUTION, ETC. (IMPRINT)
Place of publication New Delhi
Name of publisher PHI Pvt Ltd.
Year of publication 2003
300 ## - PHYSICAL DESCRIPTION
Number of Pages 1012
942 ## - ADDED ENTRY ELEMENTS (KOHA)
Koha item type Books
Holdings
Lost status Damaged status Collection code Home library Current library Shelving location Date acquired Source of acquisition Cost, normal purchase price Full call number Accession Number Koha item type
    CS/IT JRU Library JRU Library SHELF-48-J 27/04/2016 PURCHASE 350.00 004.165 00252 Books
    CS/IT JRU Library JRU Library SHELF-56-B 27/04/2016   350.00 00252 00253 Books